|
|
|
|
| LEADER |
03110nam a2200757 a 4500 |
| 001 |
nkc20102133480 |
| 003 |
CZ PrNK |
| 005 |
20160422114615.0 |
| 007 |
ta |
| 008 |
101108s2010 xr c f 001 0dcze |
| 015 |
|
|
|a cnb002133480
|
| 020 |
|
|
|a 978-80-86882-02-4
|q (soubor ;
|q váz.)
|z 80-86882-02-0
|
| 020 |
|
|
|a 978-80-86882-14-7
|q (2.-3. díl ;
|q váz.)
|
| 035 |
|
|
|a (OCoLC)693938168
|
| 040 |
|
|
|a ABA001
|b cze
|
| 045 |
|
|
|a h-k-
|
| 072 |
|
7 |
|a 27-78
|x Křesťanská sdružení, spolky a organizace. Řeholní řády
|2 Konspekt
|9 5
|
| 080 |
|
|
|a 27-788-9
|2 MRF
|
| 080 |
|
|
|a 27-788-35
|2 MRF
|
| 080 |
|
|
|a 27-877.2
|2 MRF
|
| 080 |
|
|
|a 27-58
|2 MRF
|
| 080 |
|
|
|a 27-788-1/-9
|2 MRF
|
| 080 |
|
|
|a 2-788-055.1
|2 MRF
|
| 080 |
|
|
|a 27-788-35
|2 MRF
|
| 080 |
|
|
|a 27-9"01/07"-284-051(=14)
|2 MRF
|
| 080 |
|
|
|a 27-788-428.5
|2 MRF
|
| 080 |
|
|
|a 27-29
|2 MRF
|
| 080 |
|
|
|a (048.8)
|2 MRF
|
| 100 |
1 |
|
|a Ventura, Václav,
|d 1951-
|7 xx0000386
|4 aut
|
| 245 |
1 |
0 |
|a Spiritualita křesťanského mnišství.
|n 2-3 /
|c Václav Ventura
|
| 250 |
|
|
|a Vyd. 1.
|
| 260 |
|
|
|a Praha :
|b Benediktinské arciopatství svatého Vojtěcha a svaté Markéty v Břevnově,
|c 2010
|
| 300 |
|
|
|a 455 s. :
|b 1 portrét ;
|c 23 cm
|
| 490 |
1 |
|
|a Pietas benedictina ;
|v 19
|
| 500 |
|
|
|a 1000 výt.
|
| 504 |
|
|
|a Obsahuje bibliografii, bibliografické odkazy a rejstřík
|
| 505 |
0 |
0 |
|g 2.
|t Východ na cestě k hésychazmu --
|g 3.
|t Západ od Hieronyma k Benedictovi z Nursie
|
| 648 |
|
7 |
|a 4.-7. století
|7 ch1131293
|2 czenas
|
| 650 |
0 |
7 |
|a křesťanské mnišství
|7 ph201896
|y 4.-7. století
|2 czenas
|
| 650 |
0 |
7 |
|a poustevnictví
|7 ph124436
|y 4.-7. století
|2 czenas
|
| 650 |
0 |
7 |
|a hesychasmus
|7 ph121016
|y 4.-7. století
|2 czenas
|
| 650 |
0 |
7 |
|a křesťanská spiritualita
|7 ph138493
|y 4.-7. století
|2 czenas
|
| 650 |
0 |
7 |
|a řeholní život
|7 ph128285
|y 4.-7. století
|2 czenas
|
| 650 |
0 |
7 |
|a mniši
|7 ph138553
|y 4.-7. století
|2 czenas
|
| 650 |
0 |
7 |
|a poustevníci
|7 ph124438
|y 4.-7. století
|2 czenas
|
| 650 |
0 |
7 |
|a řečtí církevní otcové
|7 ph116901
|y 4.-7. století
|2 czenas
|
| 650 |
0 |
7 |
|a řehole (texty)
|7 ph116862
|y 4.-7. století
|2 czenas
|
| 650 |
0 |
7 |
|a křesťanská literatura
|7 ph122098
|y 4.-7. století
|2 czenas
|
| 650 |
0 |
9 |
|a Christian monachism
|y 4th-7th centuries
|2 eczenas
|
| 650 |
0 |
9 |
|a eremitic life
|y 4th-7th centuries
|2 eczenas
|
| 650 |
0 |
9 |
|a Hesychasm
|y 4th-7th centuries
|2 eczenas
|
| 650 |
0 |
9 |
|a Christian spirituality
|y 4th-7th centuries
|2 eczenas
|
| 650 |
0 |
9 |
|a monastic life
|y 4th-7th centuries
|2 eczenas
|
| 650 |
0 |
9 |
|a monks
|y 4th-7th centuries
|2 eczenas
|
| 650 |
0 |
9 |
|a hermits
|y 4th-7th centuries
|2 eczenas
|
| 650 |
0 |
9 |
|a Greek church fathers
|y 4th-7th centuries
|2 eczenas
|
| 650 |
0 |
9 |
|a monastic rule (texts)
|y 4th-7th centuries
|2 eczenas
|
| 650 |
0 |
9 |
|a Christian literature
|y 4th-7th centuries
|2 eczenas
|
| 655 |
|
7 |
|a monografie
|7 fd132842
|2 czenas
|
| 655 |
|
9 |
|a monographs
|2 eczenas
|
| 830 |
|
0 |
|a Pietas benedictina
|0 s
|
| 910 |
2 |
|
|a BOA001
|b 2-1180.255,2-3
|
| 990 |
|
|
|a BK
|
| 995 |
|
|
|a 01
|
| 991 |
|
|
|b 201011
|c NOV
|e 27-78 VEN
|
| 996 |
6 |
|
|b 2610452060
|c 2-1180.255,2-3
|l MZK
|r Sklad / do 1 hodiny
|n 22
|p p.v.
|w 001155221
|u 000010
|a 1
|e BOA001
|j MZK50
|s P
|